Article Premier de la Constitution Française - Statistiques

Statistiques générales
  • Ce quiz a été pris 596 fois
  • Le résultat moyen est 26 sur 63
Statistiques - réponses
Article Premier % Correct
l'
98%
l'
98%
d'
84%
La
81%
la
81%
La
81%
de
77%
de
77%
de
77%
est
74%
est
74%
France
73%
et
72%
et
72%
et
72%
et
72%
République
72%
les
71%
les
71%
une
69%
hommes
56%
égal
52%
indivisible,
52%
tous
50%
laïque,
49%
des
42%
des
42%
démocratique
41%
égalité
37%
citoyens
35%
femmes
34%
Son
34%
Elle
32%
Elle
32%
loi
32%
loi
32%
sociale.
31%
ou
28%
qu'
26%
devant
22%
sans
22%
distinction
20%
religion.
20%
origine,
19%
race
19%
aux
18%
aux
18%
assure
17%
décentralisée.
17%
organisation
15%
toutes
15%
accès
13%
ainsi
11%
croyances.
10%
fonctions
10%
respecte
10%
électoraux
8%
favorise
8%
mandats
8%
électives,
7%
responsabilités
6%
sociales.
6%
professionnelles
5%
Aucun quiz correspondant
Distribution des résultats
% des personnes avec chaque résultat
Percentile par nombre de réponses
Votre historique - résultats
Vous n’avez pas pris ce quiz